| 000 | 00677nam a2200241 a 4500 | ||
|---|---|---|---|
| 999 |
_c10701 _d10701 |
||
| 001 | 10701 | ||
| 003 | BD-JhCC | ||
| 005 | 20230202134025.0 | ||
| 008 | 180809r20131995enk 000 f eng|d | ||
| 020 |
_a9780571283897 (pbk.) : _c£8.99 |
||
| 020 |
_a0571283896 (pbk.) : _c£8.99 |
||
| 035 | _a(BD-JhCC)10701 | ||
| 040 |
_aStDuBDS _cStDuBDS _dUk _dBD-JhCC |
||
| 041 | _aeng | ||
| 082 | 0 | 4 |
_a823.92 _223 _bISH 2013 |
| 100 | 1 |
_aIshiguro, Kazuo, _d1954- |
|
| 245 | 1 | 4 |
_aThe unconsoled / _cKazuo Ishiguro. |
| 260 |
_aLondon : _bFaber, _c2013. |
||
| 300 |
_a535 pages ; _c20 cm. |
||
| 500 | _aOriginally published: 1995. | ||
| 500 |
_aFormerly CIP. _5Uk |
||
| 942 |
_2ddc _cBK _020 |
||